• 首页
  • 本馆介绍
  • 公告通知
  • 最新文献
  • 馆藏检索
  • 电子资源
  • 读者导购
  • 参考咨询
  • 我的图书馆
  • 登录
  • 详细信息显示
  • 放入我的书架
  • 预约/预借图书
  • 作者相关作品
  • 分类相关作品
  • 丛书相关作品
  • 出版社相关作品

书目信息

  • 表格格式
  • 工作单格式
  • 卡片格式
题名:
坦桑尼亚
    
 
作者: 薛飞 编
分册:  
出版信息: 北京   商务印书馆  1973
页数: 66页
开本: 19cm
丛书名:
单 册:
中图分类: K942.5
科图分类:
主题词: 历史--坦桑尼亚 , 地理
电子资源:
ISBN:
000 00653nam0 2200253 45
001 0176001475
005 20060815171707.78
010    @dCNY0.15
100    @a19951017d1973 em y0chiy0121 ea
101 1  @achi
102    @aCN@b110000
105    @ay z 000yy
200 10 @a坦桑尼亚@Atan sang ni ya@f薛飞编@Fxue fei bian
210    @a北京@c商务印书馆@d1973
215    @a66页@d19cm
300    @a地理知识读物
606    @a历史@y坦桑尼亚
606 0  @a地理
607    @a坦桑尼亚@x历史
690    @aK942.5@v3
701  0 @a薛飞@Axue fei@4编
801  2 @aCN@bNLC@c20060815
801  0 @aCN@b广东省中山图书馆@c20060725
905    @f1@b218837@dK942.5@e82
    
    坦桑尼亚/薛飞编.-北京:商务印书馆,1973
    66页;19cm
    地理知识读物
    
    ISBN :CNY0.15
    
●
相关链接 在E读中查询图书 在五车中查询图书 在当当中查询图书 在豆瓣中查询图书


正题名:坦桑尼亚     索取号:K942.5/82         预约/预借

序号 登录号 条形码 馆藏地/架位号 状态 备注
1 0436133   204361332   密集书库/ [索取号:K942.5/82] 在馆    
2 0460470   204604703   密集书库/ [索取号:K942.5/82] 在馆    
3 0460471   204604712   密集书库/ [索取号:K942.5/82] 在馆    
唐山师范学院图书馆 欢迎您!
大连网信软件有限公司© 版权所有